[Event "FIDE Online Semi Final 2020"]
[Site "Online"]
[Date "2020.08.29"]
[Round "1.2"]
[White "Socko, Monika"]
[Black "Koneru, Humpy"]
[Result "0-1"]
[WhiteElo "2335"]
[BlackElo "2454"]
[Annotator "ChessBase"]
[PlyCount "82"]
[EventDate "2020.08.28"]
[EventType "k.o."]
[SourceTitle "playchess.com"]
[Source "ChessBase"]
[SourceQuality "1"]
[TimeControl "900+5"]

1. d4 {[%emt 0:00:01]} Nf6 {[%emt 0:00:03]} 2. c4 {[%emt 0:00:01]} e6 {[%emt 0:00:01]} 3. Nf3 {[%emt 0:00:02]} d5 {[%emt 0:00:05]} 4. g3 {[%emt 0:00:02]} dxc4 {[%emt 0:00:06]} 5. Bg2 {[%emt 0:00:06]} Bb4+ {[%emt 0:00:09]} 6. Nbd2 {[%emt 0:00:07]} b5 {[%emt 0:00:42]} 7. a4 {[%emt 0:00:44]} c6 {[%emt 0:00:30]} 8. O-O {[%emt 0:00:12]} a5 {[%emt 0:02:12]} 9. e4 {[%emt 0:03:05]} Bxd2 {[%emt 0:02:28]} 10. Bxd2 {[%emt 0:00:04]} Nxe4 {[%emt 0:01:35]} 11. axb5 {[%emt 0:00:08]} cxb5 {[%emt 0:02:32]} 12. Ng5 {[%emt 0:00:50]} Nxd2 {[%emt 0:00:59]} 13. Qxd2 {[%emt 0:00:02]} Ra7 {[%emt 0:01:08]} 14. d5 {[%emt 0:00:19]} O-O {[%emt 0:00:15]} 15. Qe3 {[%emt 0:01:45]} Ra6 {[%emt 0:01:41]} 16. Rfd1 {[%emt 0:01:02]} Rd6 {[%emt 0:00:31]} 17. Qc5 {[%emt 0:01:07]} Na6 {[%emt 0:00:11]} 18. Qe3 {[%emt 0:00:07]} exd5 {[%emt 0:00:20]} 19. Rd4 {[%emt 0:00:05]} Re8 {[%emt 0:00:14]} 20. Qd2 {[%emt 0:00:05]} Nb4 {[%emt 0:00:16]} 21. h4 {[%emt 0:00:50]} Bf5 {[%emt 0:00:09]} 22. Qf4 {[%emt 0:00:11]} Rf6 {[%emt 0:00:16]} 23. Qd2 {[%emt 0:00:27]} Bd3 {[%emt 0:00:06]} 24. Rf4 {[%emt 0:01:00]} h6 {[%emt 0:00:04]} 25. Nh3 {[%emt 0:00:08]} Re2 {[%emt 0:00:09]} 26. Qc1 {[%emt 0:00:15]} Nc2 {[%emt 0:00:09]} 27. Rxf6 {[%emt 0:00:01]} Qxf6 {[%emt 0:00:01]} 28. Rxa5 {[%emt 0:00:09]} Re1+ {[%emt 0:00:02]} 29. Qxe1 {[%emt 0:00:01]} Nxe1 {[%emt 0:00:00]} 30. Bxd5 {[%emt 0:00:05]} Bf5 {[%emt 0:00:09]} 31. Nf4 {[%emt 0:00:06]} Nd3 {[%emt 0:00:05]} 32. Nh5 {[%emt 0:00:17]} Qb6 {[%emt 0:00:07]} 33. Ra8+ {[%emt 0:00:03]} Kh7 {[%emt 0:00:01]} 34. Kh1 {[%emt 0:00:34]} Qxf2 {[%emt 0:00:03]} 35. Rf8 {[%emt 0:00:10]} Qe1+ {[%emt 0:00:04]} 36. Kg2 {[%emt 0:00:03]} Qe2+ {[%emt 0:00:05]} 37. Kg1 {[%emt 0:00:05]} Qxh5 {[%emt 0:00:05]} 38. Bxf7 {[%emt 0:00:01]} Qd1+ {[%emt 0:00:02]} 39. Kg2 {[%emt 0:00:04]} Qe2+ {[%emt 0:00:04]} 40. Kg1 {[%emt 0:00:01]} Qf2+ {[%emt 0:00:01]} 41. Kh1 {[%emt 0:00:01]} Be4# {[%emt 0:00:00]} 0-1

[Event "FIDE Online Semi Final 2020"]
[Site "Online"]
[Date "2020.08.29"]
[Round "1.2"]
[White "Vantika, Agrawal"]
[Black "Sliwicka, Alicja"]
[Result "*"]
[WhiteElo "2141"]
[BlackElo "2176"]
[Annotator "ChessBase"]
[PlyCount "64"]
[EventDate "2020.08.28"]
[EventType "k.o."]
[SourceTitle "playchess.com"]
[Source "ChessBase"]
[SourceQuality "1"]
[TimeControl "900+5"]

1. d4 {[%emt 0:00:04]} Nf6 {[%emt 0:00:02]} 2. Nf3 {[%emt 0:00:04]} c5 {[%emt 0:00:02]} 3. d5 {[%emt 0:00:04]} b5 {[%emt 0:00:02]} 4. Bg5 {[%emt 0:00:06]} d6 {[%emt 0:00:05]} 5. Bxf6 {[%emt 0:01:11]} exf6 {[%emt 0:00:05]} 6. e4 {[%emt 0:00:06]} a6 {[%emt 0:00:02]} 7. a4 {[%emt 0:00:01]} b4 {[%emt 0:00:02]} 8. Bd3 {[%emt 0:01:15]} a5 {[%emt 0:00:10]} 9. Nbd2 {[%emt 0:00:14]} g6 {[%emt 0:00:03]} 10. O-O {[%emt 0:00:26]} Bg7 {[%emt 0:00:06]} 11. Bb5+ {[%emt 0:00:33]} Bd7 {[%emt 0:00:11]} 12. Nc4 {[%emt 0:00:42]} Qc7 {[%emt 0:00:27]} 13. Nfd2 {[%emt 0:01:41]} O-O {[%emt 0:00:13]} 14. Bxd7 {[%emt 0:00:50]} Nxd7 {[%emt 0:00:06]} 15. f4 {[%emt 0:00:06]} Ra6 {[%emt 0:01:44]} 16. Qg4 {[%emt 0:00:57]} Qc8 {[%emt 0:01:38]} 17. Qh4 {[%emt 0:01:33]} Re8 {[%emt 0:02:40]} 18. f5 {[%emt 0:01:07]} Qd8 {[%emt 0:00:33]} 19. Rae1 {[%emt 0:00:41]} Qe7 {[%emt 0:00:22]} 20. Rf3 {[%emt 0:01:03]} Ne5 {[%emt 0:00:40]} 21. Rh3 {[%emt 0:00:10]} h6 {[%emt 0:00:02]} 22. Ne3 {[%emt 0:00:20]} Raa8 {[%emt 0:00:47]} 23. b3 {[%emt 0:00:05]} Rac8 {[%emt 0:01:02]} 24. Rf1 {[%emt 0:01:00]} g5 {[%emt 0:01:14]} 25. Qh5 {[%emt 0:00:18]} Kh7 {[%emt 0:00:09]} 26. Rg3 {[%emt 0:00:06]} Rh8 {[%emt 0:00:27]} 27. h4 {[%emt 0:00:16]} Kg8 {[%emt 0:00:18]} 28. Re1 {[%emt 0:00:09]} Kf8 {[%emt 0:00:07]} 29. Ndc4 {[%emt 0:00:23]} Ke8 {[%emt 0:00:20]} 30. Nxa5 {[%emt 0:00:28]} Kd8 {[%emt 0:00:56]} 31. Nac4 {[%emt 0:00:13]} Kc7 {[%emt 0:00:35]} 32. Qe2 {[%emt 0:00:27]} h5 {[%emt 0:00:15]} *

[Event "FIDE Online Semi Final 2020"]
[Site "Online"]
[Date "2020.08.29"]
[Round "1.3"]
[White "Socko, Monika"]
[Black "Koneru, Humpy"]
[Result "0-1"]
[WhiteElo "2364"]
[BlackElo "2620"]
[Annotator "TA"]
[PlyCount "146"]
[EventDate "2020.08.28"]
[EventType "k.o."]
[SourceTitle "playchess.com"]
[Source "ChessBase"]
[SourceQuality "1"]

{[%evp 9,145,-68,-65,-60,-5,-21,-29,-28,-10,-11,-27,-37,-37,-48,-37,-31,-27,-44,10,12,18,8,16,29,27,16,29,0,11,0,0,3,14,0,0,0,28,20,24,0,0,0,0,0,0,0,0,0,0,0,0,0,0,0,0,-12,0,-764,-5,-107,0,0,0,-647,-126,-341,0,-654,-142,-292,-215,-256,-231,-242,-86,-458,-227,-211,-202,-421,-335,-674,-670,-12836,-12835,-5485,-2893,-1741,-1677,-12840,-12839,-12841,-12840,-29976,0,-12840,0,-29976,-12843,-29977,-12842,-12845,-12843,-12845,-12845,-29990,-29991,-29991,-29992,-29992,-29993,-29994,-29987,-29994,-29990,-29990,-29991,-29991,-29992,-29993,-29994,-29994,-29995,-29995,-29996,-29996,-29996,-29996,-29997,-29998,-29997,-29997,-29998,-29998,-29999,-29999,-29999,-29999]} 1. d4 Nf6 2. c4 e6 3. g3 d5 4. Bg2 dxc4 5. Nd2 Qxd4 6. Ngf3 {[#] E02: Open Catalan: 5 Qa4+.} Qd8 $146 ({Black should play} 6... Qc5 $15) ({Predecessor:} 6... Qc5 7. Qc2 b5 8. a4 Nc6 9. axb5 Nb4 10. Qb1 Bb7 11. O-O Be7 12. Ra3 O-O {0-1 (20) Bernal,L (1939)-Meza,H (2177) Villa Ballester 2006}) 7. O-O $11 {[#]} c3 $1 8. bxc3 {Black has an edge.} Be7 9. Qc2 O-O 10. e4 Nc6 11. Nc4 Nd7 12. Rd1 Qe8 13. Bf4 e5 ({Black should try} 13... b5 $15 14. Ne3 e5) 14. Nfxe5 Ndxe5 15. Nxe5 Nxe5 16. Bxe5 c6 17. Rab1 b6 18. Bf4 Be6 19. Be3 Qc8 20. f4 Bh3 21. f5 Bxg2 22. Kxg2 f6 23. Bf4 Bc5 24. Rd2 Rd8 25. Rbd1 Rxd2+ 26. Qxd2 Qe8 27. Qe2 Rd8 28. Qc4+ Kf8 29. Rxd8 Qxd8 30. h4 Qd7 31. a4 a5 32. Qa6 Kf7 33. Qa8 $2 {[%mdl 8192]} (33. Qc4+ $11 Kf8 34. Kh3) 33... h6 $2 (33... h5 $1 $19 34. Bd6 Qxd6) 34. Qa6 (34. h5 $1 $11 {remains equal.}) 34... Qd1 (34... Kg8 $1 $17 35. Qe2 b5) 35. Qc4+ Kf8 {And now ...h5 would win.} 36. e5 $2 {[%mdl 8192] White is on the road to losing.} (36. Qe6 $11) 36... Qc2+ $2 (36... fxe5 $19 {has better winning chances.} 37. Bxe5 Qg1+ 38. Kh3 h5) 37. Kf3 $2 (37. Kh3 $17) 37... Qxf5 $2 (37... fxe5 $19 38. Bxe5 h5) 38. exf6 $2 {[%mdl 8192]} (38. g4 $11 Qg6 39. h5) 38... Qxf6 $2 (38... g5 $19 39. hxg5 hxg5 {[%mdl 64] Pin}) 39. Kg2 (39. Ke2 $17) 39... Qf7 40. Qe2 Qd5+ $1 41. Kh2 {[#]} Kf7 $2 (41... b5 $1 $19 {[%mdl 512]} 42. Be3 (42. axb5 cxb5) 42... Bxe3 43. Qxe3 bxa4 44. Qf4+ Ke7 45. Qc7+ Ke8 46. Qb8+ Qd8 47. Qe5+ Qe7 48. Qb8+ Kf7 49. Qf4+ Qf6 50. Qc4+ Ke7 51. Qc5+ Qd6 52. Qe3+ Kf7 53. Qf2+ Ke8 54. Qe3+ Kf7 55. Qf2+ Ke6 56. Qe2+ Qe5 57. Qa2+ Kf5 58. Qxa4 Qxc3) 42. h5 $2 {[%mdl 8192] [#]} (42. c4 $17 {is a better chance.} Qf5 43. Kg2) 42... Qe6 (42... b5 $142 $1 {[%mdl 512]} 43. c4 (43. axb5 cxb5) 43... Qxc4 44. Qxc4+ bxc4) 43. Qf3 $19 Kg8 44. Bd2 $2 (44. Qd3 {was necessary.}) 44... Qa2 45. Qf4 $2 (45. Qe2 Qc2 46. Kg2) 45... Qd5 46. Be1 Qxh5+ 47. Kg2 Qe2+ 48. Kh3 Qxe1 49. Qf5 Qh1+ 50. Kg4 Qd1+ 51. Kh4 Qh1+ (51... Be7+ $142 52. Kh3 Qh1+ 53. Kg4 {[#]} h5+ $1 {[%mdl 512]} 54. Kf4 Qf1+ 55. Ke5 Qe1+ {[%mdl 64] Double Attack} 56. Kf4 Qf2+ 57. Ke4 Qe2+ 58. Kd4 Bf6+ 59. Qxf6 gxf6 60. c4 Qd2+ 61. Ke4 Kg7 62. c5 bxc5 63. Kf3 f5 64. g4 hxg4+ 65. Kg3 Kf6 66. Kh4 Qh2#) 52. Kg4 Qd1+ $2 (52... Qd5 $19 {Hoping for ...h5+!} 53. Qc8+ Kh7 54. Qf5+ Qxf5+ 55. Kxf5 b5 56. axb5 cxb5) 53. Kf4 $2 {[%mdl 8192]} (53. Kh4 $11 Be7+ 54. Kh3 Qh1+ 55. Kg4 h5+ 56. Qxh5 Qd1+ {[%mdl 64] Double Attack} 57. Kf5 Qxh5+ 58. Ke6 Bc5 59. Kd7 Qd5+ 60. Kc7 Qd6+ 61. Kb7 Qd7+ 62. Kb8 Bd6+ {[%mdl 64] Double Attack} 63. Ka8 Qc7 64. g4 Qb8#) 53... Qf1+ (53... g5+ $142 54. Ke5 Qe1+ 55. Qe4 Qxg3+ 56. Ke6 Qd6+ 57. Kf5 b5 58. axb5 cxb5 59. Qe8+ Qf8+ 60. Qxf8+ Bxf8 61. Ke4 a4 62. Kd5 a3 63. Ke5 a2 64. Kd5 a1=Q 65. c4 Qh1+ 66. Kd4 Qd1+ 67. Ke5 Kf7 68. Ke4 Bc5 69. Kf5 Qd4 70. cxb5 Qf4#) 54. Ke5 Qxf5+ (54... Qe2+ $142 55. Qe4 Qf2 56. Qc4+ Kf8 57. Qf4+ Qxf4+ 58. Kxf4 b5 59. axb5 a4 60. bxc6 Bd6+ 61. Ke4 a3 62. g4 a2 63. Kd5 Bc7 64. Kc4 a1=Q 65. Kd3 Ba5 66. c4 Qc3+ 67. Ke2 Qxc4+ 68. Ke3 Bc7 69. g5 hxg5 70. Kd2 Bf4+ 71. Ke1 Qc2 72. Kf1 Bg3 73. Kg1 Qh2+ 74. Kf1 Qf2#) 55. Kxf5 {[%mdl 4096] Endgame KB-K3P} Kf7 56. Ke5 b5 {[%cal Bb6b5,Bb5a4,Ba4a3,Ba3a2][%mdl 32]} 57. g4 bxa4 {KB-KPP. Black mates.} 58. Ke4 a3 59. Kd3 a2 60. Kc2 g6 61. Kb3 h5 62. Kxa2 hxg4 {KB-KP} 63. Kb3 g3 64. Kc2 g2 65. Kd2 g1=Q 66. Ke2 Qe3+ {[%mdl 64] Double Attack} 67. Kd1 Qxc3 68. Ke2 a4 69. Kf1 a3 70. Kg2 a2 71. Kh2 a1=Q {[%csl Gc5][%cal Ra1g1]} 72. Kg2 Qa2+ 73. Kh1 Qc1# {Accuracy: White = 54%, Black = 58%.} 0-1

[Event "FIDE Online Semi Final 2020"]
[Site "Online"]
[Date "2020.08.30"]
[Round "2.1"]
[White "Esipenko, Andrey"]
[Black "Xiong, Jeffery"]
[Result "1/2-1/2"]
[WhiteElo "2832"]
[BlackElo "2724"]
[Annotator "ChessBase"]
[PlyCount "84"]
[EventDate "2020.08.28"]
[EventType "k.o."]
[SourceTitle "playchess.com"]
[Source "ChessBase"]
[SourceQuality "1"]
[TimeControl "900+5"]

1. c4 {[%emt 0:00:02]} c5 {[%emt 0:00:04]} 2. Nf3 {[%emt 0:00:02]} Nf6 {[%emt 0:00:01]} 3. Nc3 {[%emt 0:00:05]} d5 {[%emt 0:00:01]} 4. cxd5 {[%emt 0:00:09]} Nxd5 {[%emt 0:00:00]} 5. e3 {[%emt 0:00:01]} Nc6 {[%emt 0:00:01]} 6. Bb5 {[%emt 0:00:29]} Nxc3 {[%emt 0:00:02]} 7. bxc3 {[%emt 0:00:15]} Bd7 {[%emt 0:00:01]} 8. O-O {[%emt 0:00:08]} e6 {[%emt 0:00:02]} 9. d4 {[%emt 0:00:24]} Be7 {[%emt 0:00:01]} 10. Qe2 {[%emt 0:00:08]} O-O {[%emt 0:00:03]} 11. Bd2 {[%emt 0:00:26]} Qc7 {[%emt 0:01:18]} 12. e4 {[%emt 0:01:09]} Rad8 {[%emt 0:03:51]} 13. Rfd1 {[%emt 0:03:02]} Na5 {[%emt 0:00:45]} 14. Bd3 {[%emt 0:00:34]} f6 {[%emt 0:00:46]} 15. Be3 {[%emt 0:00:36]} b6 {[%emt 0:00:55]} 16. h3 {[%emt 0:00:21]} Kh8 {[%emt 0:00:34]} 17. Rac1 {[%emt 0:00:56]} e5 {[%emt 0:00:24]} 18. Bb5 {[%emt 0:00:49]} Bc8 {[%emt 0:00:38]} 19. Nh4 {[%emt 0:00:10]} g6 {[%emt 0:02:11]} 20. Nf3 {[%emt 0:00:28]} Be6 {[%emt 0:00:22]} 21. Bh6 {[%emt 0:00:48]} Rg8 {[%emt 0:00:07]} 22. dxe5 {[%emt 0:00:41]} g5 {[%emt 0:01:41]} 23. exf6 {[%emt 0:00:23]} Bxf6 {[%emt 0:00:00]} 24. e5 {[%emt 0:00:17]} Be7 {[%emt 0:00:02]} 25. Qe3 {[%emt 0:01:16]} Rg6 {[%emt 0:01:09]} 26. Bxg5 {[%emt 0:01:10]} Rdg8 {[%emt 0:00:01]} 27. h4 {[%emt 0:00:04]} h6 {[%emt 0:00:01]} 28. Bxe7 {[%emt 0:00:21]} Qxe7 {[%emt 0:00:54]} 29. Kf1 {[%emt 0:00:26]} Nc4 {[%emt 0:00:02]} 30. Bxc4 {[%emt 0:01:12]} Bxc4+ {[%emt 0:00:02]} 31. Ke1 {[%emt 0:00:00]} Rxg2 {[%emt 0:00:48]} 32. Qxh6+ {[%emt 0:00:05]} Qh7 {[%emt 0:00:00]} 33. Qxh7+ {[%emt 0:00:14]} Kxh7 {[%emt 0:00:01]} 34. Rd6 {[%emt 0:00:09]} R8g4 {[%emt 0:00:31]} 35. Rc2 {[%emt 0:00:17]} Kg7 {[%emt 0:00:00]} 36. Rd7+ {[%emt 0:00:06]} Kf8 {[%emt 0:00:06]} 37. Rxa7 {[%emt 0:00:04]} Rf4 {[%emt 0:00:02]} 38. Rd2 {[%emt 0:00:11]} Ke8 {[%emt 0:00:10]} 39. Ra8+ {[%emt 0:00:02]} Ke7 {[%emt 0:00:00]} 40. Ra7+ {[%emt 0:00:01]} Ke8 {[%emt 0:00:01]} 41. Ra8+ {[%emt 0:00:01]} Ke7 {[%emt 0:00:00]} 42. Ra7+ {[%emt 0:00:15]} Ke8 {[%emt 0:00:15]} 1/2-1/2

[Event "FIDE Online Semi Final 2020"]
[Site "Online"]
[Date "2020.08.30"]
[Round "2.1"]
[White "Shankland, Sam"]
[Black "Dubov, Daniil"]
[Result "1/2-1/2"]
[WhiteElo "2764"]
[BlackElo "2840"]
[Annotator "ChessBase"]
[PlyCount "125"]
[EventDate "2020.08.28"]
[EventType "k.o."]
[SourceTitle "playchess.com"]
[Source "ChessBase"]
[SourceQuality "1"]
[TimeControl "900+5"]

1. e4 {[%emt 0:00:01]} e6 {[%emt 0:00:06]} 2. d4 {[%emt 0:00:04]} d5 {[%emt 0:00:01]} 3. Nc3 {[%emt 0:00:00]} Nf6 {[%emt 0:00:02]} 4. e5 {[%emt 0:00:02]} Nfd7 {[%emt 0:00:01]} 5. f4 {[%emt 0:00:00]} c5 {[%emt 0:00:01]} 6. Nf3 {[%emt 0:00:01]} Nc6 {[%emt 0:00:01]} 7. Be3 {[%emt 0:00:01]} cxd4 {[%emt 0:00:02]} 8. Nxd4 {[%emt 0:00:02]} Bb4 {[%emt 0:00:06]} 9. a3 {[%emt 0:01:29]} Bxc3+ {[%emt 0:00:03]} 10. bxc3 {[%emt 0:00:00]} Ne7 {[%emt 0:00:02]} 11. Bd3 {[%emt 0:00:05]} Nc5 {[%emt 0:00:06]} 12. O-O {[%emt 0:00:05]} Nxd3 {[%emt 0:00:10]} 13. cxd3 {[%emt 0:00:11]} O-O {[%emt 0:00:04]} 14. a4 {[%emt 0:00:09]} Bd7 {[%emt 0:00:15]} 15. Qb3 {[%emt 0:00:07]} b6 {[%emt 0:00:20]} 16. Qa3 {[%emt 0:00:42]} Rc8 {[%emt 0:00:22]} 17. Rfc1 {[%emt 0:00:46]} Ng6 {[%emt 0:01:11]} 18. a5 {[%emt 0:00:48]} Qc7 {[%emt 0:01:25]} 19. axb6 {[%emt 0:00:29]} axb6 {[%emt 0:00:05]} 20. Qa7 {[%emt 0:00:07]} f6 {[%emt 0:02:13]} 21. f5 {[%emt 0:02:25]} fxe5 {[%emt 0:02:07]} 22. fxg6 {[%emt 0:01:21]} exd4 {[%emt 0:00:04]} 23. gxh7+ {[%emt 0:00:01]} Kxh7 {[%emt 0:00:06]} 24. Bxd4 {[%emt 0:00:01]} Bb5 {[%emt 0:00:55]} 25. Rd1 {[%emt 0:02:26]} Rfe8 {[%emt 0:02:20]} 26. Qxc7 {[%emt 0:00:41]} Rxc7 {[%emt 0:00:01]} 27. Rab1 {[%emt 0:00:01]} Ba4 {[%emt 0:01:53]} 28. Re1 {[%emt 0:00:03]} Bc2 {[%emt 0:00:45]} 29. Rxb6 {[%emt 0:00:03]} Bxd3 {[%emt 0:00:33]} 30. Rbxe6 {[%emt 0:00:04]} Rxe6 {[%emt 0:00:01]} 31. Rxe6 {[%emt 0:00:00]} Be4 {[%emt 0:00:46]} 32. Kf2 {[%emt 0:00:58]} Rb7 {[%emt 0:00:18]} 33. g4 {[%emt 0:00:31]} Kg8 {[%emt 0:00:51]} 34. Kg3 {[%emt 0:00:14]} Kf7 {[%emt 0:00:04]} 35. Rc6 {[%emt 0:00:13]} g6 {[%emt 0:00:12]} 36. h4 {[%emt 0:00:07]} Rb1 {[%emt 0:00:06]} 37. Kf4 {[%emt 0:00:06]} Rh1 {[%emt 0:00:12]} 38. Kg5 {[%emt 0:00:02]} Rh2 {[%emt 0:00:02]} 39. Rc7+ {[%emt 0:00:39]} Ke6 {[%emt 0:00:02]} 40. Bc5 {[%emt 0:00:04]} d4 {[%emt 0:00:08]} 41. Re7+ {[%emt 0:00:07]} Kd5 {[%emt 0:00:02]} 42. Bxd4 {[%emt 0:00:00]} Bd3 {[%emt 0:00:04]} 43. Re5+ {[%emt 0:00:07]} Kc4 {[%emt 0:00:03]} 44. Re3 {[%emt 0:00:03]} Rg2 {[%emt 0:00:03]} 45. Kf4 {[%emt 0:00:12]} Rh2 {[%emt 0:00:16]} 46. Kg5 {[%emt 0:00:11]} Rg2 {[%emt 0:00:01]} 47. Rf3 {[%emt 0:00:17]} Be2 {[%emt 0:00:08]} 48. Rf4 {[%emt 0:00:02]} Kd5 {[%emt 0:00:06]} 49. Bf2 {[%emt 0:00:14]} Kc6 {[%emt 0:00:12]} 50. c4 {[%emt 0:00:13]} Bd3 {[%emt 0:00:02]} 51. c5 {[%emt 0:00:10]} Be2 {[%emt 0:00:06]} 52. Bd4 {[%emt 0:00:27]} Kd5 {[%emt 0:00:01]} 53. Be3 {[%emt 0:00:03]} Kc6 {[%emt 0:00:03]} 54. Kxg6 {[%emt 0:00:37]} Bxg4 {[%emt 0:00:03]} 55. Rf6+ {[%emt 0:00:01]} Kd5 {[%emt 0:00:06]} 56. Rd6+ {[%emt 0:00:05]} Ke4 {[%emt 0:00:06]} 57. Bg5 {[%emt 0:00:03]} Bf5+ {[%emt 0:00:12]} 58. Kf6 {[%emt 0:00:05]} Rf2 {[%emt 0:00:04]} 59. Kg7 {[%emt 0:00:06]} Ke5 {[%emt 0:00:07]} 60. Rf6 {[%emt 0:00:09]} Rc2 {[%emt 0:00:03]} 61. c6 {[%emt 0:00:04]} Be4 {[%emt 0:00:03]} 62. c7 {[%emt 0:00:03]} Rxc7+ {[%emt 0:00:01]} 63. Rf7 {[%emt 0:00:27]} 1/2-1/2

[Event "FIDE Online Semi Final 2020"]
[Site "Online"]
[Date "2020.08.30"]
[Round "2.1"]
[White "Grischuk, Alexander"]
[Black "So, Wesley"]
[Result "1/2-1/2"]
[WhiteElo "2756"]
[BlackElo "2754"]
[Annotator "ChessBase"]
[PlyCount "45"]
[EventDate "2020.08.28"]
[EventType "k.o."]
[SourceTitle "playchess.com"]
[Source "ChessBase"]
[SourceQuality "1"]
[TimeControl "900+5"]

1. d4 {[%emt 0:00:08]} Nf6 {[%emt 0:00:03]} 2. c4 {[%emt 0:00:02]} e6 {[%emt 0:00:01]} 3. Nf3 {[%emt 0:00:06]} d5 {[%emt 0:00:02]} 4. Nc3 {[%emt 0:00:02]} Be7 {[%emt 0:00:01]} 5. Bf4 {[%emt 0:00:02]} O-O {[%emt 0:00:01]} 6. e3 {[%emt 0:00:02]} Nbd7 {[%emt 0:00:00]} 7. c5 {[%emt 0:00:15]} Nh5 {[%emt 0:00:06]} 8. Bd3 {[%emt 0:00:17]} Nxf4 {[%emt 0:00:03]} 9. exf4 {[%emt 0:00:01]} b6 {[%emt 0:00:00]} 10. b4 {[%emt 0:00:02]} a5 {[%emt 0:00:01]} 11. a3 {[%emt 0:00:01]} c6 {[%emt 0:00:01]} 12. O-O {[%emt 0:00:02]} Ba6 {[%emt 0:00:00]} 13. Ne2 {[%emt 0:00:40]} Qc7 {[%emt 0:00:49]} 14. g3 {[%emt 0:00:43]} Bf6 {[%emt 0:00:03]} 15. Rb1 {[%emt 0:00:14]} axb4 {[%emt 0:00:11]} 16. axb4 {[%emt 0:00:03]} Qb7 {[%emt 0:00:29]} 17. Nc1 {[%emt 0:01:58]} Bxd3 {[%emt 0:03:50]} 18. Nxd3 {[%emt 0:00:04]} Ra3 {[%emt 0:00:00]} 19. Qc2 {[%emt 0:02:10]} Rfa8 {[%emt 0:00:32]} 20. Rfc1 {[%emt 0:01:06]} b5 {[%emt 0:00:56]} 21. Kg2 {[%emt 0:00:19]} Nf8 {[%emt 0:00:09]} 22. Qd1 {[%emt 0:02:27]} Ng6 {[%emt 0:01:13]} 23. Ra1 {[%emt 0:00:21]} 1/2-1/2

[Event "FIDE Online Semi Final 2020"]
[Site "Online"]
[Date "2020.08.30"]
[Round "2.1"]
[White "Goryachkina, Aleksandra"]
[Black "Zatonskih, Anna"]
[Result "1-0"]
[WhiteElo "2621"]
[BlackElo "2376"]
[Annotator "ChessBase"]
[PlyCount "105"]
[EventDate "2020.08.28"]
[EventType "k.o."]
[SourceTitle "playchess.com"]
[Source "ChessBase"]
[SourceQuality "1"]
[TimeControl "900+5"]

1. d4 {[%emt 0:00:02]} d5 {[%emt 0:00:03]} 2. Bf4 {[%emt 0:00:19]} e6 {[%emt 0:01:20]} 3. e3 {[%emt 0:00:20]} Nf6 {[%emt 0:00:03]} 4. Nf3 {[%emt 0:00:14]} Bd6 {[%emt 0:00:03]} 5. Nbd2 {[%emt 0:00:09]} b6 {[%emt 0:02:16]} 6. c3 {[%emt 0:00:25]} O-O {[%emt 0:00:28]} 7. Ne5 {[%emt 0:00:50]} Ba6 {[%emt 0:03:27]} 8. Bxa6 {[%emt 0:00:09]} Nxa6 {[%emt 0:00:01]} 9. Qe2 {[%emt 0:00:10]} Nb8 {[%emt 0:00:11]} 10. h4 {[%emt 0:00:16]} c5 {[%emt 0:01:49]} 11. g4 {[%emt 0:00:29]} Qc7 {[%emt 0:00:08]} 12. g5 {[%emt 0:04:32]} Nfd7 {[%emt 0:00:03]} 13. Ndf3 {[%emt 0:02:14]} Nc6 {[%emt 0:00:14]} 14. Nxc6 {[%emt 0:01:36]} Qxc6 {[%emt 0:00:02]} 15. Bxd6 {[%emt 0:01:15]} Qxd6 {[%emt 0:00:03]} 16. h5 {[%emt 0:00:13]} e5 {[%emt 0:01:03]} 17. dxe5 {[%emt 0:00:27]} Nxe5 {[%emt 0:00:02]} 18. O-O-O {[%emt 0:00:07]} Rad8 {[%emt 0:00:24]} 19. Nxe5 {[%emt 0:00:56]} Qxe5 {[%emt 0:00:02]} 20. Qg4 {[%emt 0:00:12]} Qe6 {[%emt 0:02:58]} 21. Rh4 {[%emt 0:00:46]} f5 {[%emt 0:00:49]} 22. gxf6 {[%emt 0:00:17]} Qxf6 {[%emt 0:00:08]} 23. Rh2 {[%emt 0:00:09]} Rf7 {[%emt 0:00:10]} 24. Rg2 {[%emt 0:00:05]} b5 {[%emt 0:00:10]} 25. Qg5 {[%emt 0:00:26]} Qd6 {[%emt 0:00:36]} 26. h6 {[%emt 0:00:10]} g6 {[%emt 0:00:06]} 27. f4 {[%emt 0:00:04]} Re8 {[%emt 0:00:16]} 28. Qxd5 {[%emt 0:00:07]} Qxd5 {[%emt 0:00:06]} 29. Rxd5 {[%emt 0:00:00]} Rxe3 {[%emt 0:00:01]} 30. Rxc5 {[%emt 0:00:06]} a6 {[%emt 0:00:09]} 31. f5 {[%emt 0:00:02]} Rh3 {[%emt 0:00:06]} 32. Rc8+ {[%emt 0:00:11]} Rf8 {[%emt 0:00:02]} 33. Rxf8+ {[%emt 0:00:05]} Kxf8 {[%emt 0:00:00]} 34. fxg6 {[%emt 0:00:01]} Rxh6 {[%emt 0:00:07]} 35. gxh7 {[%emt 0:00:03]} Rxh7 {[%emt 0:00:02]} 36. Rg6 {[%emt 0:00:02]} a5 {[%emt 0:00:13]} 37. Rg5 {[%emt 0:00:03]} Rb7 {[%emt 0:00:07]} 38. a4 {[%emt 0:00:06]} b4 {[%emt 0:00:06]} 39. Rxa5 {[%emt 0:00:11]} bxc3 {[%emt 0:00:01]} 40. bxc3 {[%emt 0:00:01]} Ke7 {[%emt 0:00:05]} 41. Rd5 {[%emt 0:00:02]} Ke6 {[%emt 0:00:09]} 42. Rd4 {[%emt 0:00:05]} Ke5 {[%emt 0:00:07]} 43. Kc2 {[%emt 0:00:01]} Rb8 {[%emt 0:00:05]} 44. a5 {[%emt 0:00:15]} Ra8 {[%emt 0:00:02]} 45. Ra4 {[%emt 0:00:09]} Kd5 {[%emt 0:00:01]} 46. a6 {[%emt 0:00:07]} Kc6 {[%emt 0:00:04]} 47. a7 {[%emt 0:00:05]} Kb7 {[%emt 0:00:04]} 48. Kb3 {[%emt 0:00:01]} Rc8 {[%emt 0:00:06]} 49. a8=Q+ {[%emt 0:00:09]} Rxa8 {[%emt 0:00:03]} 50. Rxa8 {[%emt 0:00:00]} Kxa8 {[%emt 0:00:00]} 51. Kc4 {[%emt 0:00:01]} Kb7 {[%emt 0:00:01]} 52. Kb5 {[%emt 0:00:02]} Kc7 {[%emt 0:00:02]} 53. Kc5 {[%emt 0:00:00]} 1-0